[Event "Xtracon Chess Open 2017"]
[Site "Helsingor DEN"]
[Date "2017.07.25"]
[Round "5.46"]
[White "Jacobsen, Mikkel Manosri"]
[Black "Tabaa, Ghayth"]
[Result "1-0"]
[WhiteTitle "FM"]
[WhiteElo "2247"]
[BlackElo "2041"]
[WhiteFideId "1444514"]
[BlackFideId "7603819"]
[EventDate "2017.07.22"]

1. d4 d6 2. Nf3 Bg4 3. Nbd2 Nf6 4. g3 c6 5. Bg2 Nbd7 6. h3 Bxf3 7. Nxf3 e6 8.
O-O Be7 9. c4 O-O 10. b3 Qc7 11. Bb2 a5 12. Qc2 d5 13. Nd2 Rac8 14. e4 dxe4 15.
Nxe4 Nxe4 16. Qxe4 Bf6 17. Rad1 g6 18. Ba3 Rfe8 19. Rfe1 Bg7 20. Qh4 Bf6 21. Qg4
Bg7 22. Re3 b5 23. Qe2 b4 24. Bb2 c5 25. d5 Bxb2 26. dxe6 Bd4 27. exf7+ Kxf7 28.
Bd5+ Kf8 29. Qf3+ Nf6 30. Rxd4 Kg7 31. Rdd3 Rcd8 32. Rxe8 Rxe8 33. Kg2 Qe5 34.
Re3 Qf5 35. Qxf5 gxf5 36. Rxe8 Nxe8 37. Kf3 Kf6 38. Kf4 Nc7 39. Bc6 Ne6+ 40. Ke3
Nd4 41. Bd7 Ke7 42. Bc8 Kf6 43. g4 fxg4 44. hxg4 Ke5 45. f4+ Kd6 46. g5 Ke7 47.
Ke4 Ne2 48. Kd5 Nxf4+ 49. Kxc5 Nd3+ 50. Kb5 Nc1 51. Bf5 Nxa2 52. Kxa5 Kd6 53.
Kb5 Ke5 54. Bxh7 1-0

[Event "Xtracon Chess Open 2017"]
[Site "Helsingor DEN"]
[Date "2017.07.25"]
[Round "5.47"]
[White "Lindgren, Philip"]
[Black "Meurman, Arne"]
[Result "1-0"]
[WhiteTitle "IM"]
[WhiteElo "2420"]
[BlackElo "1980"]
[WhiteFideId "1713230"]
[BlackFideId "1704923"]
[EventDate "2017.07.22"]

1. c4 Nf6 2. g3 g6 3. Bg2 Bg7 4. Nc3 d6 5. e4 e5 6. Nge2 O-O 7. d3 Nbd7 8. O-O
c6 9. h3 a5 10. Be3 Nc5 11. Qd2 Be6 12. Kh2 b6 13. f4 Qe7 14. Rf2 Bc8 15. Raf1
Nfd7 16. d4 Na6 17. fxe5 dxe5 18. d5 Ndc5 19. dxc6 Be6 20. Nd5 Qd8 21. Bg5 Qe8
22. Nec3 Kh8 23. Bf6 Qxc6 24. Qh6 Rg8 25. Ne7 Qe8 26. Nxg8 Qxg8 27. Nd5 Nd7 28.
Bxg7+ Qxg7 29. Qxg7+ Kxg7 30. h4 Nac5 31. Nc7 Rc8 32. Nxe6+ fxe6 33. Rd2 Rb8 34.
Bf3 Nf6 35. Kg2 Kf7 36. Kf2 Ke7 37. Ke3 Rf8 38. Rc1 Rc8 39. b3 Rf8 40. Rb1 Ra8
41. Rc1 Nb7 42. a3 Ne8 43. Rc3 Ned6 44. b4 Rc8 45. Rdc2 Ke8 46. Be2 axb4 47.
axb4 Ke7 48. Bd3 Rc7 49. Ra3 Kd7 50. Ra6 Nc8 51. g4 Nd8 52. c5 bxc5 53. Bb5+ Ke7
54. Rxc5 Rxc5 55. bxc5 Nb7 56. Ra8 1-0

[Event "Xtracon Chess Open 2017"]
[Site "Helsingor DEN"]
[Date "2017.07.25"]
[Round "5.48"]
[White "Jensen, Morten Frank"]
[Black "Haria, Ravi"]
[Result "0-1"]
[BlackTitle "FM"]
[WhiteElo "2063"]
[BlackElo "2417"]
[WhiteFideId "1407325"]
[BlackFideId "415820"]
[EventDate "2017.07.22"]

1. b3 e5 2. Bb2 Nc6 3. e3 d6 4. Bb5 Bd7 5. Ne2 a6 6. Bxc6 Bxc6 7. O-O Qg5 8. f3
h5 9. Nbc3 Nf6 10. Qe1 h4 11. e4 O-O-O 12. d4 d5 13. Bc1 Qh5 14. Nxd5 Nxd5 15.
exd5 Bxd5 16. c4 Be6 17. Be3 exd4 18. Nxd4 Bd7 19. Qc3 h3 20. g3 Bd6 21. Rac1
Rhe8 22. c5 Be5 23. Qc4 Bxd4 24. Bxd4 Bb5 25. Qc3 Bxf1 26. Rxf1 Qd5 27. Bxg7 Re2
28. Qb4 Rg2+ 29. Kh1 Qxf3 0-1

[Event "Xtracon Chess Open 2017"]
[Site "Helsingor DEN"]
[Date "2017.07.25"]
[Round "5.49"]
[White "Matthiesen, Martin"]
[Black "Nielsen, John Bauneborg"]
[Result "1-0"]
[WhiteTitle "FM"]
[WhiteElo "2349"]
[BlackElo "2125"]
[WhiteFideId "1404067"]
[BlackFideId "1402439"]
[EventDate "2017.07.22"]

1. d4 d6 2. e4 Nf6 3. Nc3 g6 4. Be3 Bg7 5. Nf3 a6 6. a4 b6 7. Bc4 e6 8. O-O O-O
9. h3 d5 10. exd5 exd5 11. Bb3 Nc6 12. Bg5 Be6 13. Qd2 Ne7 14. Rfe1 c6 15. Qf4
Nf5 16. g4 Nd6 17. Ne5 Rc8 18. a5 b5 19. Nd3 h6 20. Bxh6 Nfe4 21. Bxg7 Kxg7 22.
Nxe4 Nxe4 23. Qe5+ Kh7 24. f3 Ng5 25. Kg2 Re8 26. Qg3 Bd7 27. Rxe8 Bxe8 28. Nc5
Kg7 29. Nxa6 Ne6 30. Qe5+ Kg8 31. Nc5 Nxc5 32. dxc5 Bd7 33. c3 Be6 34. Bc2 Qd7
35. Kg3 Qe7 36. b4 1-0

[Event "Xtracon Chess Open 2017"]
[Site "Helsingor DEN"]
[Date "2017.07.25"]
[Round "5.50"]
[White "Rishovd, Svein"]
[Black "Papp, Petra"]
[Result "0-1"]
[BlackTitle "WGM"]
[WhiteElo "2092"]
[BlackElo "2337"]
[WhiteFideId "1513060"]
[BlackFideId "739049"]
[EventDate "2017.07.22"]

1. d4 Nf6 2. c4 g6 3. Nf3 Bg7 4. g3 O-O 5. Bg2 d6 6. O-O Nc6 7. Nc3 e5 8. dxe5
dxe5 9. Bg5 Be6 10. Qa4 Qb8 11. Rfd1 Nd7 12. Qc2 h6 13. Be3 f5 14. Nd5 a5 15. a3
Qd8 16. Rac1 g5 17. b4 axb4 18. axb4 f4 19. b5 Bf5 20. Qd2 fxe3 21. Nxe3 Nd4 22.
Nxf5 Rxf5 23. Nxd4 exd4 24. Bxb7 Rb8 25. Be4 Rf8 26. Qb4 Qf6 27. f3 Qb6 28. c5
Qf6 29. Kg2 Qe7 30. Rc2 Kh8 31. Rd3 Rbd8 32. e3 Nf6 33. Rxd4 Rxd4 34. Qxd4 Nxe4
35. Qxe4 Qxe4 36. fxe4 Rb8 37. b6 cxb6 38. cxb6 Rxb6 39. g4 Rb2 40. Rxb2 Bxb2
41. e5 Bxe5 42. h4 Kg7 43. Kf3 Kf6 44. Ke4 Ke6 0-1

[Event "Xtracon Chess Open 2017"]
[Site "Helsingor DEN"]
[Date "2017.07.25"]
[Round "5.51"]
[White "Kramer, Julian"]
[Black "Andersen, Soren Mikkel"]
[Result "1-0"]
[WhiteTitle "FM"]
[WhiteElo "2333"]
[BlackElo "2123"]
[WhiteFideId "12921742"]
[BlackFideId "1411918"]
[EventDate "2017.07.22"]

1. e4 c5 2. Nf3 d6 3. d4 cxd4 4. Nxd4 Nf6 5. Nc3 a6 6. a3 b5 7. Nd5 e6 8. Nxf6+
Qxf6 9. c4 bxc4 10. Bxc4 Bb7 11. O-O Nd7 12. Be3 e5 13. Ne2 Bxe4 14. Nc3 Bc6 15.
Bd5 Bxd5 16. Nxd5 Qd8 17. Rc1 Rc8 18. Qa4 Rb8 19. Rc7 Be7 20. Qc6 f5 21. Nb6 1-0

[Event "Xtracon Chess Open 2017"]
[Site "Helsingor DEN"]
[Date "2017.07.25"]
[Round "5.52"]
[White "Rostgaard, Tobias Valentin"]
[Black "Kunz, Andre"]
[Result "1-0"]
[WhiteTitle "FM"]
[WhiteElo "2327"]
[BlackElo "2103"]
[WhiteFideId "1408801"]
[BlackFideId "24623652"]
[EventDate "2017.07.22"]

1. e4 c6 2. d4 d5 3. Nd2 dxe4 4. Nxe4 Bf5 5. Ng3 Bg6 6. h4 h6 7. f4 e6 8. Nf3
Nd7 9. h5 Bh7 10. Bd3 Bxd3 11. Qxd3 Ngf6 12. Bd2 Qc7 13. O-O-O O-O-O 14. Qe2 c5
15. Ne5 Nxe5 16. dxe5 Nd5 17. c4 Nb6 18. Ba5 f5 19. exf6 Qxf4+ 20. Kb1 Qxf6 21.
Rxd8+ Kxd8 22. Ne4 Qe5 23. Rd1+ Kc8 24. Be1 Qc7 25. Bg3 Qc6 26. a3 Be7 27. Nd6+
Bxd6 28. Rxd6 Qe8 29. Rxe6 Qf7 30. Ka2 Kd7 31. Rd6+ Kc8 32. Qg4+ Nd7 33. Rd5 b6
34. Bh2 Kd8 35. Qg3 Ke8 36. Qc7 Qe7 37. Qc6 Rf8 38. Re5 1-0

[Event "Xtracon Chess Open 2017"]
[Site "Helsingor DEN"]
[Date "2017.07.25"]
[Round "5.53"]
[White "Kocur, Johan"]
[Black "Risting, Eivind Olav"]
[Result "0-1"]
[BlackTitle "FM"]
[WhiteElo "2055"]
[BlackElo "2307"]
[WhiteFideId "202614"]
[BlackFideId "1517333"]
[EventDate "2017.07.22"]

1. Nf3 Nf6 2. g3 b6 3. Bg2 Bb7 4. c4 c5 5. Nc3 g6 6. b3 Bg7 7. Bb2 O-O 8. O-O d6
9. d3 a6 10. e4 e6 11. Re1 Nc6 12. Nb1 Qc7 13. d4 Nd7 14. Qd2 e5 15. dxe5 dxe5
16. Nc3 Nd4 17. Nd5 Bxd5 18. exd5 Qd6 19. Rad1 b5 20. Qd3 e4 0-1

[Event "Xtracon Chess Open 2017"]
[Site "Helsingor DEN"]
[Date "2017.07.25"]
[Round "5.54"]
[White "Kristiansen, Willy"]
[Black "Kucuksari, Kaan"]
[Result "1/2-1/2"]
[BlackTitle "FM"]
[WhiteElo "2041"]
[BlackElo "2301"]
[WhiteFideId "1504525"]
[BlackFideId "6380166"]
[EventDate "2017.07.22"]

1. d4 Nf6 2. c4 e6 3. g3 d5 4. Nf3 c6 5. Qc2 dxc4 6. Qxc4 b5 7. Qc2 Bb7 8. Bg2
Nbd7 9. O-O c5 10. Bg5 Qb6 11. Bxf6 Nxf6 12. Ne5 Bxg2 13. Kxg2 cxd4 14. Qc6+
Qxc6+ 15. Nxc6 Bc5 16. Rc1 Nd7 17. Nd2 d3 18. Ne4 dxe2 19. Nxc5 e1=Q 20. Rxe1
Nxc5 21. Re5 Na6 22. Rxb5 Nc7 23. Rb7 Nd5 24. Rxa7 Rxa7 25. Nxa7 Kd7 26. a4 1/2-1/2

[Event "Xtracon Chess Open 2017"]
[Site "Helsingor DEN"]
[Date "2017.07.25"]
[Round "5.55"]
[White "Dahl, Trygve"]
[Black "Jacobsen, Fredrik Beer"]
[Result "1-0"]
[WhiteElo "2292"]
[BlackElo "2081"]
[WhiteFideId "1513427"]
[BlackFideId "1507044"]
[EventDate "2017.07.22"]

1. e4 c5 2. Nf3 Nc6 3. d4 cxd4 4. Nxd4 Nf6 5. Nc3 d6 6. Bg5 e6 7. Qd2 a6 8.
O-O-O Bd7 9. f3 b5 10. g4 Qc7 11. Kb1 Rc8 12. Be3 Nxd4 13. Bxd4 b4 14. Ne2 e5
15. Be3 Be6 16. Nc1 Qc6 17. h4 Be7 18. Rg1 O-O 19. h5 d5 20. g5 Nxh5 21. exd5
Bxd5 22. Qxd5 Qxc2+ 23. Ka1 Rfd8 24. Bd3 Qxd1 25. Qxd8+ Rxd8 26. Rxd1 Nf4 27.
Bxf4 exf4 28. Ne2 Bxg5 29. Kb1 g6 30. Kc2 a5 31. Bc4 Rxd1 32. Kxd1 Bf6 33. b3 g5
34. Bd3 Be5 35. Bf5 h6 36. Kd2 Kf8 37. Kd3 Ke7 38. Ke4 Bb2 39. Bg4 Kd6 40. Nd4
Bxd4 41. Kxd4 h5 42. Bxh5 f5 43. Bf7 Ke7 44. Ke5 g4 45. Bc4 gxf3 46. Kxf5 Kd6
47. Kxf4 f2 48. Ke3 Ke5 49. Kxf2 Kd4 50. Ke2 a4 51. Kd2 a3 52. Bd3 Ke5 53. Ke3
Kd5 54. Be4+ Ke5 55. Kd3 1-0

[Event "Xtracon Chess Open 2017"]
[Site "Helsingor DEN"]
[Date "2017.07.25"]
[Round "5.56"]
[White "Veng, Johnni"]
[Black "Nielsen, Jorgen Lovgren"]
[Result "1-0"]
[WhiteTitle "FM"]
[WhiteElo "2279"]
[BlackElo "2063"]
[WhiteFideId "1408623"]
[BlackFideId "1403850"]
[EventDate "2017.07.22"]

1. d4 f5 2. Nc3 Nf6 3. Bg5 g6 4. Bxf6 exf6 5. e3 d5 6. Qf3 Be6 7. Nge2 c6 8. h3
Nd7 9. Nf4 Bf7 10. Bd3 Qc7 11. g4 fxg4 12. hxg4 Bg7 13. e4 Nb6 14. exd5 Nxd5 15.
Nfxd5 cxd5 16. Bb5+ Kf8 17. O-O-O Rc8 18. Ba4 Qa5 19. Bb3 Rd8 20. Kb1 a6 21. Rd3
Rd7 22. Re3 f5 23. gxf5 Bxd4 24. fxg6 Bxe3 25. Qf6 Rg8 26. gxh7 1-0

[Event "Xtracon Chess Open 2017"]
[Site "Helsingor DEN"]
[Date "2017.07.25"]
[Round "5.57"]
[White "Hobber, Anders"]
[Black "Pallesen, Jacob"]
[Result "1-0"]
[WhiteTitle "FM"]
[WhiteElo "2278"]
[BlackElo "2054"]
[WhiteFideId "1505424"]
[BlackFideId "1404881"]
[EventDate "2017.07.22"]

1. d4 Nf6 2. Nf3 e6 3. e3 b6 4. Bd3 Bb7 5. O-O d5 6. b3 c5 7. Bb2 Be7 8. Nbd2
O-O 9. Ne5 Nc6 10. a3 g6 11. f4 Nd7 12. Ndf3 f6 13. Nxc6 Bxc6 14. c4 Re8 15.
cxd5 exd5 16. f5 g5 17. dxc5 bxc5 18. h4 g4 19. Nd2 h5 20. e4 c4 21. exd5 Bc5+
22. Kh1 cxd3 23. dxc6 Ne5 24. Ne4 Bb6 25. Qd2 Kg7 26. Rae1 Rc8 27. Ng5 Rxc6 28.
Ne6+ Rexe6 29. fxe6 Rc2 30. Qf4 Rxb2 31. Rxe5 fxe5 32. Qf7+ Kh6 33. e7 Qa8 34.
Rf6# 1-0

[Event "Xtracon Chess Open 2017"]
[Site "Helsingor DEN"]
[Date "2017.07.25"]
[Round "5.58"]
[White "Jepsen, Thomas Tange"]
[Black "Svane, Frederik"]
[Result "0-1"]
[WhiteElo "2052"]
[BlackElo "2276"]
[WhiteFideId "1405357"]
[BlackFideId "12923044"]
[EventDate "2017.07.22"]

1. d4 Nf6 2. c4 e6 3. Nc3 Bb4 4. f3 d5 5. e3 O-O 6. a3 Be7 7. Bd3 c5 8. Nge2
cxd4 9. exd4 dxc4 10. Bxc4 a6 11. O-O b5 12. Bb3 Bb7 13. Be3 Nc6 14. Qd2 Rc8 15.
Bc2 Qc7 16. Rfd1 Rfd8 17. Qe1 Na5 18. b4 Nc4 19. Bf4 Qb6 20. Qf2 Nd5 21. Nxd5
Bxd5 22. Bd3 a5 23. Nc3 axb4 24. axb4 Bxb4 25. Nxd5 exd5 26. Qh4 h6 27. Bf5 Ra8
28. Rab1 Bc3 29. Kh1 Bxd4 30. Bxh6 Bf2 0-1

[Event "Xtracon Chess Open 2017"]
[Site "Helsingor DEN"]
[Date "2017.07.25"]
[Round "5.59"]
[White "Rosenkilde, Alexander"]
[Black "Subramanian, Aditya"]
[Result "1/2-1/2"]
[WhiteElo "2274"]
[BlackElo "2054"]
[WhiteFideId "1408488"]
[BlackFideId "1718924"]
[EventDate "2017.07.22"]

1. d4 Nf6 2. c4 e6 3. g3 d5 4. Nf3 Be7 5. Bg2 O-O 6. O-O dxc4 7. Qc2 a6 8. Qxc4
b5 9. Qc2 Bb7 10. Bf4 Nc6 11. Rd1 Nb4 12. Qc1 Rc8 13. Nc3 Nbd5 14. Ne5 Nxc3 15.
bxc3 Bxg2 16. Kxg2 Qd5+ 17. f3 c5 18. e4 Nxe4 19. dxc5 Qa8 20. Nd7 Bxc5 21. Nxf8
Bxf8 22. Rd3 Nc5 23. Rd2 Na4 24. Rc2 Rc4 25. Qd2 Qc6 26. Rac1 Nb6 27. Qd3 Nd5
28. Be5 Bc5 29. Re2 f6 30. Bb8 e5 31. Rd1 Nxc3 32. Qd8+ Bf8 33. Bd6 Qc8 34. Qxc8
Rxc8 35. Rc2 Rc4 36. Rd3 b4 37. Bxf8 Kxf8 38. Rd7 a5 39. Rb7 Rd4 40. a3 h5 41.
axb4 axb4 42. Rb2 h4 43. gxh4 Nd5 44. Kg3 Kg8 45. Rd7 Kh7 46. Ra2 Ne3 47. Rxd4
Nf5+ 48. Kf2 Nxd4 49. f4 exf4 50. Ra4 Nf5 51. Rxb4 Nxh4 52. Rxf4 Ng6 53. Ra4 Ne5
54. Kg3 g5 55. h4 gxh4+ 56. Kxh4 Kg6 57. Ra1 Nf3+ 58. Kg4 Ne5+ 59. Kf4 Nd3+ 60.
Ke4 Nf2+ 61. Ke3 Nh3 62. Ra5 Ng5 63. Kf4 Ne6+ 64. Kg4 Ng7 65. Ra1 Ne6 66. Rg1
Ng7 67. Kf4+ Kf7 68. Kg4 Kg6 69. Kh4+ Kf7 70. Rg2 Nf5+ 71. Kh5 Ng7+ 72. Kh6 Nf5+
73. Kh7 Ne7 74. Ra2 Kf8 75. Ra7 Kf7 76. Rb7 Kf8 77. Rb8+ Kf7 78. Ra8 Nf5 79. Rg8
Ne7 80. Rg7+ Ke6 81. Kh8 Nf5 82. Ra7 Ne7 83. Kg7 Nf5+ 84. Kf8 Nd6 85. Re7+ Kd5
86. Kg8 f5 87. Kg7 f4 88. Kg6 f3 89. Re3 f2 90. Rf3 Ne4 91. Kf5 f1=Q 1/2-1/2

[Event "Xtracon Chess Open 2017"]
[Site "Helsingor DEN"]
[Date "2017.07.25"]
[Round "5.60"]
[White "Christiansen, Arne"]
[Black "Stojanovski, Sandi"]
[Result "0-1"]
[BlackTitle "FM"]
[WhiteElo "2040"]
[BlackElo "2268"]
[WhiteFideId "1402013"]
[BlackFideId "1403249"]
[EventDate "2017.07.22"]

1. d4 d5 2. c4 e6 3. Nc3 Bb4 4. Nf3 Nf6 5. e3 O-O 6. Bd3 c5 7. cxd5 exd5 8. O-O
Nc6 9. dxc5 Bxc5 10. h3 Qe7 11. b3 Rd8 12. Bb2 Ne4 13. Qe2 Rd6 14. Rad1 Bf5 15.
Bb1 Rad8 16. Nd4 Nxc3 17. Bxc3 Bxd4 18. Bxd4 Bxb1 19. Bc5 Bg6 20. Bxd6 Qxd6 21.
Qb5 Rd7 22. Rfe1 a6 23. Qb6 h6 24. Rd2 Qf6 25. Qc5 Qg5 26. Kh1 Kh7 27. Red1 Ne7
28. b4 Qe5 29. a4 Rc7 30. Qb6 Qc3 31. b5 Bc2 0-1

[Event "Xtracon Chess Open 2017"]
[Site "Helsingor DEN"]
[Date "2017.07.25"]
[Round "5.61"]
[White "Malmstig, Erik"]
[Black "Schack, Asbjorn Hovgaard"]
[Result "1-0"]
[WhiteTitle "FM"]
[WhiteElo "2266"]
[BlackElo "2053"]
[WhiteFideId "1702866"]
[BlackFideId "1449575"]
[EventDate "2017.07.22"]

1. d4 Nf6 2. c4 g6 3. Nc3 Bg7 4. e4 d6 5. Nge2 a6 6. Ng3 c6 7. a4 a5 8. Be2 e5
9. d5 Na6 10. O-O Nc5 11. Ra3 h5 12. Re1 cxd5 13. cxd5 Ng4 14. Nb5 f5 15. exf5
gxf5 16. h3 Bf8 17. Rf3 Ne4 18. Nxf5 Nexf2 19. Rxf2 Nxf2 20. Bxh5+ Kd7 21. Kxf2
Qf6 22. Kg1 Rxh5 23. Qxh5 1-0

[Event "Xtracon Chess Open 2017"]
[Site "Helsingor DEN"]
[Date "2017.07.25"]
[Round "5.62"]
[White "Grundekjon, Christian"]
[Black "Roe, Simon J"]
[Result "0-1"]
[WhiteElo "2035"]
[BlackElo "2253"]
[WhiteFideId "1512625"]
[BlackFideId "401471"]
[EventDate "2017.07.22"]

1. c4 Nf6 2. Nc3 c5 3. g3 e6 4. Nf3 b6 5. Bg2 Bb7 6. O-O d6 7. d4 cxd4 8. Nxd4
Bxg2 9. Kxg2 Be7 10. b3 a6 11. e4 Qc7 12. Bb2 Qb7 13. Qe2 O-O 14. Kg1 Nbd7 15.
f4 Nc5 16. Rae1 Rfd8 17. f5 e5 18. Nc2 b5 19. cxb5 axb5 20. Nb4 Bf8 21. Bc1 h6
22. Rf2 d5 23. exd5 e4 24. Be3 Nd3 25. Nxd3 exd3 26. Qxd3 b4 27. Na4 Rxd5 28.
Qf1 Ng4 29. Rf4 Nxe3 30. Rxe3 Qa7 31. Qe2 Rad8 32. Rf2 Rd2 33. Qf3 Be7 34. Ree2
Rxe2 35. Qxe2 Bf6 36. Kg2 Bd4 37. Rf3 Bf6 38. Rd3 Rc8 39. Qf2 Qb7+ 40. Kh3 Qb5
41. Rf3 Rd8 42. Nb2 Bd4 43. Qg2 Qd5 44. Nc4 Ra8 45. Rf2 Qd8 46. Rd2 Ra7 47. Qe4
Rd7 48. Qc6 Qe7 49. Qf3 Rd8 50. Ne3 Qg5 51. Nc4 Qf6 52. Qe4 h5 53. Ne5 Bb6 54.
Rxd8+ Bxd8 55. Nd7 Qg5 56. Qe8+ Kh7 57. Nf8+ Kh6 58. Qc6+ Bf6 59. Qe4 Qd2 60.
Qf4+ Qxf4 61. gxf4 Bd4 62. Nd7 g6 63. f6 g5 64. f5 g4+ 65. Kg3 Kg5 66. Kg2 Kxf5
67. h3 Ke6 68. Nb8 Kxf6 69. hxg4 hxg4 70. Nc6 Bc3 71. Na7 Kg5 72. Nb5 Be5 73. a4
bxa3 74. Nxa3 f5 75. Nc4 Bc3 76. Ne3 f4 77. Nd5 f3+ 78. Kf2 Bd4+ 79. Kg3 Kf5 80.
b4 Be5+ 81. Kf2 Ke4 82. Ne7 g3+ 0-1

[Event "Xtracon Chess Open 2017"]
[Site "Helsingor DEN"]
[Date "2017.07.25"]
[Round "5.63"]
[White "Schrodt, Sebastian"]
[Black "Solberg, Joachim"]
[Result "0-1"]
[BlackTitle "CM"]
[WhiteElo "2007"]
[BlackElo "2237"]
[WhiteFideId "24675563"]
[BlackFideId "1502930"]
[EventDate "2017.07.22"]

1. Nf3 d5 2. c4 c6 3. g3 Nf6 4. Bg2 dxc4 5. Qc2 g6 6. Qxc4 Bg7 7. O-O O-O 8. d3
Nbd7 9. Nbd2 Qa5 10. Nb3 Qh5 11. Bd2 Nb6 12. Qh4 e5 13. Rfe1 Re8 14. Bc3 Nbd5
15. Qxh5 Nxh5 16. Nfd2 b6 17. Ne4 Bd7 18. Rac1 f5 19. Nd6 Re6 20. Nb5 Rc8 21.
Bd2 Nhf6 22. Nc3 Nxc3 23. Bxc3 Nd5 24. e4 Nxc3 25. bxc3 Rd6 26. Rcd1 Be6 27. d4
fxe4 28. Rxe4 exd4 29. Nxd4 Bxa2 30. Ra1 Bd5 31. Re7 Bxg2 32. Raxa7 Bf8 33. Kxg2
Bxe7 34. Rxe7 Rf6 35. f4 b5 36. Kf3 Ra8 37. Ke4 Ra3 38. Ke5 Rf7 39. Re8+ Rf8 40.
Re6 Rxc3 41. Nxc6 Re3+ 42. Kd6 Rxe6+ 43. Kxe6 Re8+ 44. Kd5 Re2 45. Nd4 Rxh2 46.
Nxb5 Rg2 47. Ke6 Rxg3 48. f5 g5 49. Kf6 g4 50. Nd4 Re3 51. Ne6 g3 52. Nf4 Rf3 0-1

[Event "Xtracon Chess Open 2017"]
[Site "Helsingor DEN"]
[Date "2017.07.25"]
[Round "5.64"]
[White "Heimisson, Hilmir Freyr"]
[Black "Lund, Gunnar"]
[Result "0-1"]
[WhiteElo "2215"]
[BlackElo "2051"]
[WhiteFideId "2309998"]
[BlackFideId "1520814"]
[EventDate "2017.07.22"]

1. d4 Nf6 2. Bg5 Ne4 3. Bf4 d5 4. e3 e6 5. Bd3 Bd6 6. Ne2 b6 7. Bxe4 dxe4 8. c4
Bb7 9. Nbc3 Nd7 10. Qc2 f5 11. Bxd6 cxd6 12. Nf4 Qe7 13. Nb5 O-O 14. d5 e5 15.
Ne6 Rfc8 16. Nbc7 Rab8 17. b3 Nf6 18. Qe2 Rxc7 19. Nxc7 Qxc7 20. O-O Bc8 21. a4
Qc5 22. b4 Qxb4 23. Rfb1 Qc5 24. a5 Bd7 25. h3 Rc8 26. axb6 axb6 27. Ra6 Qxc4
28. Qxc4 Rxc4 29. Rbxb6 Kf7 30. Rxd6 Ke7 31. Rdb6 Nxd5 32. Rb7 Rc1+ 33. Kh2 Rc7
34. Rb2 Rc5 35. Rb7 Nf6 36. Raa7 Rd5 37. Rb8 Kf7 38. Rbb7 Kg6 39. Rb6 Kg5 40.
Rb4 h6 41. Ra6 Rd2 42. Kg1 Rd5 43. Kh2 f4 44. exf4+ exf4 45. Ra3 Rd2 46. Kg1 Kh4
47. Rc4 Bf5 48. Rc7 g6 49. Rc6 Nh7 50. Rb6 Ng5 51. Ra5 h5 52. Rb4 f3 53. Ra3
fxg2 54. Kxg2 Nxh3 55. Rg3 Rxf2+ 56. Kh1 Kxg3 57. Rb3+ Rf3 58. Rb1 Nf4 59. Rg1+
Kh3 60. Re1 e3 61. Kg1 e2 62. Rc1 Bd3 0-1

[Event "Xtracon Chess Open 2017"]
[Site "Helsingor DEN"]
[Date "2017.07.25"]
[Round "5.65"]
[White "Laustsen, Lars"]
[Black "Karlsson, Ulf"]
[Result "1-0"]
[WhiteElo "2204"]
[BlackElo "2036"]
[WhiteFideId "1407554"]
[BlackFideId "1721674"]
[EventDate "2017.07.22"]

1. d4 Nf6 2. c4 c5 3. d5 e6 4. Nc3 exd5 5. cxd5 Bd6 6. g3 Be5 7. Bg2 d6 8. e4
Bxc3+ 9. bxc3 O-O 10. Ne2 Re8 11. Qc2 Qe7 12. f3 b5 13. a4 b4 14. cxb4 cxb4 15.
O-O a5 16. Nd4 Ba6 17. Rd1 Rc8 18. Qd2 Ra7 19. Bb2 Qd7 20. Nf5 Ne8 21. Bh3 Kf8
22. Bxg7+ Nxg7 23. Qh6 f6 24. Qxf6+ Qf7 25. Qxd6+ Ke8 26. Nxg7+ 1-0

[Event "Xtracon Chess Open 2017"]
[Site "Helsingor DEN"]
[Date "2017.07.25"]
[Round "5.66"]
[White "Jorgensen, Dennis"]
[Black "Moestrup, Jorn"]
[Result "1/2-1/2"]
[WhiteElo "2197"]
[BlackElo "2034"]
[WhiteFideId "1408380"]
[BlackFideId "1403680"]
[EventDate "2017.07.22"]

1. d4 d5 2. c4 c6 3. Nf3 Nf6 4. cxd5 cxd5 5. Nc3 e6 6. Bf4 Be7 7. e3 O-O 8. Bd3
Nc6 9. h3 b6 10. Rc1 Bb7 11. O-O Rc8 12. Re1 Na5 13. Ne5 a6 14. Qe2 b5 15. Bb1
Ne4 16. Qd3 f6 17. Nf3 Nc4 18. Rc2 Nxb2 19. Rxb2 Rxc3 20. Qd1 Qd7 21. Bd3 Rfc8
22. Qb1 Ba3 23. Rc2 Rxc2 24. Bxc2 Qc6 25. Bd3 Qc3 26. Rf1 Qb2 27. Qxb2 Bxb2 28.
Rb1 Rc1+ 29. Rxc1 Bxc1 30. Bc7 Kf7 31. Ba5 Ba3 32. Ne1 h6 33. Nc2 Be7 34. a3 Nd6
35. Kf1 Nc4 36. Bb4 a5 37. Bxe7 Kxe7 38. f3 Bc6 39. h4 e5 40. Kf2 e4 41. Be2
exf3 42. gxf3 Nd6 43. Bd3 Bd7 44. f4 Ke6 45. Kg3 1/2-1/2

[Event "Xtracon Chess Open 2017"]
[Site "Helsingor DEN"]
[Date "2017.07.25"]
[Round "5.67"]
[White "De Coninck, Erik"]
[Black "Grove, Peter"]
[Result "1/2-1/2"]
[WhiteElo "2032"]
[BlackElo "2182"]
[WhiteFideId "233234"]
[BlackFideId "1411101"]
[EventDate "2017.07.22"]

1. Nf3 Nf6 2. g3 b5 3. Bg2 Bb7 4. O-O e6 5. d4 d5 6. b3 Nbd7 7. Bb2 Be7 8. Nbd2
Nb6 9. Ne5 b4 10. a3 a5 11. axb4 axb4 12. Nd3 O-O 13. Rxa8 Qxa8 14. Qa1 Ba6 15.
Re1 Bxd3 16. cxd3 Qxa1 17. Rxa1 Ra8 18. Rxa8+ Nxa8 19. Nf3 Nd7 20. Ne5 Nxe5 21.
dxe5 Nb6 22. e4 c6 23. exd5 cxd5 24. Kf1 Nd7 25. d4 f6 26. f4 fxe5 27. fxe5 Nb8
28. Ke2 Nc6 1/2-1/2

[Event "Xtracon Chess Open 2017"]
[Site "Helsingor DEN"]
[Date "2017.07.25"]
[Round "5.68"]
[White "Palozza, Christian"]
[Black "Skovgaard, Ib"]
[Result "0-1"]
[WhiteElo "2178"]
[BlackElo "2016"]
[WhiteFideId "895580"]
[BlackFideId "1406760"]
[EventDate "2017.07.22"]

1. d4 d5 2. c4 c6 3. cxd5 cxd5 4. Nc3 Nc6 5. Bf4 e5 6. Bxe5 Nxe5 7. dxe5 d4 8.
Qa4+ b5 9. Nxb5 Bd7 10. Rc1 a6 11. Nc7+ Qxc7 12. Rxc7 Bxa4 13. b3 Bb4+ 14. Kd1
Bb5 15. Nf3 Ba5 16. Rc5 Bb6 17. Rd5 Ne7 18. Rd6 Bc5 0-1

[Event "Xtracon Chess Open 2017"]
[Site "Helsingor DEN"]
[Date "2017.07.25"]
[Round "5.69"]
[White "Samaganova, Alexandra"]
[Black "Thuesen, Mogens"]
[Result "1-0"]
[WhiteElo "1992"]
[BlackElo "2170"]
[WhiteFideId "13800221"]
[BlackFideId "1400878"]
[EventDate "2017.07.22"]

1. c4 Nf6 2. Nc3 g6 3. g3 Bg7 4. Bg2 O-O 5. e3 d6 6. Nge2 e5 7. O-O Nc6 8. d4 h5
9. a3 a5 10. d5 Ne7 11. Bd2 c6 12. b4 cxd5 13. cxd5 Bg4 14. e4 Qd7 15. Qb3 a4
16. Qb2 Nc8 17. Be3 Bh3 18. f3 Bxg2 19. Kxg2 b5 20. Qd2 Rb8 21. Qd3 Ne8 22. Rac1
Nc7 23. Nb1 Ne7 24. Rc2 f5 25. Nd2 fxe4 26. fxe4 Rxf1 27. Nxf1 Rf8 28. Bb6 Na8
29. Be3 Kh7 30. Ng1 Bh6 31. Bxh6 Kxh6 32. Nf3 Kg7 33. Ng5 Rf6 34. Ne6+ Kg8 35.
Qe3 Kh7 36. Rf2 Rxe6 37. dxe6 Qxe6 38. Qa7 1-0